| 000 | 00425nam a2200109Ia 4500 | ||
|---|---|---|---|
| 008 | 160909s9999 xx 000 0 und d | ||
| 100 | _aRosenberger, Nathan C. | ||
| 245 | _aArt in the ashes: Class, race, urban geography, and Los Angeles's postwar Black art centers | ||
| 260 |
_bCalifornia State University, Long Beach. _c2016 |
||
| 650 | _aMULTIMEDIA ARTS | ||
| 856 | _uhttp://pqdtopen.proquest.com/doc/1774020025.html?FMT=ABS | ||
| 999 |
_c304291 _d304291 |
||